[Event "ROM-ch U10 Girls"]
[Site "Calimanesti Caciulata"]
[Date "2016.04.24"]
[Round "8"]
[White "Suvac, Marina Irina"]
[Black "Brebenel, Ioana Miruna"]
[Result "1-0"]
[WhiteElo "1001"]
[BlackElo "1091"]
[PlyCount "142"]
[EventDate "2016.04.18"]
[EventType "swiss"]
[EventRounds "9"]
[EventCountry "ROU"]
[SourceTitle "CBM 172 Extra"]
[Source "ChessBase"]
[SourceDate "2016.06.21"]
[SourceVersion "1"]
[SourceVersionDate "2016.06.21"]
[SourceQuality "1"]

1. e4 e5 2. Nf3 Nf6 3. Nxe5 d6 4. Nf3 Nxe4 5. d4 d5 6. Nc3 Nxc3 7. bxc3 Nc6 8. Bb5 Bd7 9. Bxc6 Bxc6 10. 0-0 Be7 11. h3 0-0 12. Re1 Re8 13. Bd2 Bf6 14. Rxe8+ Qxe8 15. Qe1 h6 16. Rb1 b6 17. Bf4 Ba4 18. Rc1 c5 19. dxc5 bxc5 20. Qd1 Bxc3 21. Qxd5 Bb4 22. c3 Ba3 23. Re1 Qc6 24. Qxc6 Bxc6 25. Ne5 Bd5 26. c4 Be6 27. Re3 Bc1 28. Re4 Bxf4 29. Rxf4 Rd8 30. Re4 Rd1+ 31. Kh2 Rd2 32. Re3 Rxa2 33. Rb3 Rxf2 34. Rb8+ Kh7 35. Rb5 f6 36. Ng4 Rf5 37. Ra5 Bxc4 38. Ne3 Rf4 39. Rxc5 Be2 40. Kg3 Rb4 41. Nf5 Rb5 42. Rxb5 Bxb5 43. Kf2 a5 44. Ke1 a4 45. Kd2 a3 46. Kc1 g6 47. Nd4 a2 48. Kb2 Bc4 49. Nc2 g5 50. Kc3 Bb3 51. Kxb3 a1Q 52. Nxa1 f5 53. Nc2 f4 54. Ne1 Kg6 55. Kc3 Kf5 56. Kd2 g4 57. Ke2 gxh3 58. gxh3 Kg5 59. Ng2 h5 60. h4+ Kf5 61. Kf3 Kg6 62. Nxf4+ Kh6 63. Ne6 Kg6 64. Kf4 Kf6 65. Nf8 Kf7 66. Nd7 Ke7 67. Nb6 Kf6 68. Nd7+ Kg6 69. Nc5 Kg7 70. Kg5 Kh8 71. Kxh5 Kh7 1-0

[Event "ROM-ch U08 Girls"]
[Site "Calimanesti"]
[Date "2015.03.30"]
[Round "1"]
[White "Fileru, Maria"]
[Black "Brebenel, Ioana Miruna"]
[Result "1-0"]
[WhiteElo "1334"]
[BlackElo "1001"]
[PlyCount "47"]
[EventDate "2015.03.30"]
[EventType "swiss"]
[EventRounds "9"]
[EventCountry "ROU"]
[SourceTitle "CBM 165 Extra"]
[Source "ChessBase"]
[SourceDate "2015.04.21"]
[SourceVersion "1"]
[SourceVersionDate "2015.04.21"]
[SourceQuality "1"]

1. d4 d5 2. c4 c6 3. Nc3 Nf6 4. Nf3 Nbd7 5. g3 e6 6. a3 Be7 7. Bg5 0-0 8. Bg2 h6 9. Bf4 b6 10. 0-0 Ba6 11. cxd5 exd5 12. Qc1 Re8 13. Re1 g5 14. Bxg5 hxg5 15. Qxg5+ Kh8 16. Ne5 Nxe5 17. dxe5 Nd7 18. Qh5+ Kg8 19. e4 d4 20. e6 fxe6 21. Qg6+ Kf8 22. Qh6+ Kf7 23. Bh3 dxc3 24. Bxe6# 1-0